Las buenas acciones de Clifford / (Record no. 21360)

MARC details
000 -LEADER
fixed length control field 01581cam a2200421Ia 4500
001 - CONTROL NUMBER
control field sjds1059315
003 - CONTROL NUMBER IDENTIFIER
control field sjds
005 - DATE AND TIME OF LATEST TRANSACTION
control field 20181014150559.0
008 - FIXED-LENGTH DATA ELEMENTS--GENERAL INFORMATION
fixed length control field 810331t19801980nyua j 000 1 spa d
020 ## - INTERNATIONAL STANDARD BOOK NUMBER
International Standard Book Number 0590401793 (pbk.)
020 ## - INTERNATIONAL STANDARD BOOK NUMBER
International Standard Book Number 0590314637
020 ## - INTERNATIONAL STANDARD BOOK NUMBER
International Standard Book Number 9780590401791 (pbk.)
024 ## - OTHER STANDARD IDENTIFIER
Standard number or code 078073003501
035 ## - SYSTEM CONTROL NUMBER
System control number 20835
035 ## - SYSTEM CONTROL NUMBER
System control number (OCoLC)07291025
035 ## - SYSTEM CONTROL NUMBER
System control number 20835
040 ## - CATALOGING SOURCE
Original cataloging agency IFK
Transcribing agency IFK
Modifying agency m/c
-- OCL
-- IFA
-- UtOrBLW
041 1# - LANGUAGE CODE
Language code of text/sound track or separate title spa eng
049 ## - LOCAL HOLDINGS (OCLC)
Holding library IFAA
099 ## - LOCAL FREE-TEXT CALL NUMBER (OCLC)
Classification number ESPANOL PICTURE BOOKS BRIDWELL
999 ## - SYSTEM CONTROL NUMBERS (KOHA)
Koha Dewey Subclass [OBSOLETE] ESPANOL PICTURE BOOKS BRIDWELL
100 1# - MAIN ENTRY--PERSONAL NAME
Personal name Bridwell, Norman,
Relator term author.
245 14 - TITLE STATEMENT
Title Las buenas acciones de Clifford /
Statement of responsibility, etc. cuento e ilustraciones de Norman Bridwell ; traducido por Argentina Palacios.
260 ## - PUBLICATION, DISTRIBUTION, ETC. (IMPRINT)
Place of publication, distribution, etc. New York :
Name of publisher, distributor, etc. Scholastic Book Services,
Date of publication, distribution, etc. c1980
264 #1 - PRODUCTION, PUBLICATION, DISTRIBUTION, MANUFACTURE, AND COPYRIGHT NOTICE
Place of production, publication, distribution, manufacture New York :
Name of producer, publisher, distributor, manufacturer Scholastic Book Services,
Date of production, publication, distribution, manufacture, or copyright notice [1980]
264 #4 - PRODUCTION, PUBLICATION, DISTRIBUTION, MANUFACTURE, AND COPYRIGHT NOTICE
Date of production, publication, distribution, manufacture, or copyright notice c1980
300 ## - PHYSICAL DESCRIPTION
Extent 48 unnumbered pages :
Other physical details color illustrations ;
Dimensions 16 x 21 cm
336 ## - CONTENT TYPE
Content type term text
Content type code txt
Source rdacontent
337 ## - MEDIA TYPE
Media type term unmediated
Media type code n
Source rdamedia
338 ## - CARRIER TYPE
Carrier type term volume
Carrier type code nc
Source rdacarrier
500 ## - GENERAL NOTE
General note Translation of Clifford's good deeds.
520 ## - SUMMARY, ETC.
Summary, etc. Clifford, un perro muy grande que siempre hace las buenas accionas mas bien de lo necesario, encuentra algo de su propio temano. (Clifford, a very big dog who always overdoes his good deeds, finds something to do that is his size.)
526 0# - STUDY PROGRAM INFORMATION NOTE
Program name Accelerated Reader
Interest level LG
Reading level 2.2
Title point value 0.5
Public note 10513SP
650 #0 - SUBJECT ADDED ENTRY--TOPICAL TERM
Topical term or geographic name as entry element Dogs
Form subdivision Juvenile fiction.
650 #7 - SUBJECT ADDED ENTRY--TOPICAL TERM
Topical term or geographic name as entry element Perros
Form subdivision Novela juvenil.
Source of heading or term bidex
740 0# - ADDED ENTRY--UNCONTROLLED RELATED/ANALYTICAL TITLE
Uncontrolled related/analytical title Clifford's good deeds.
942 ## - ADDED ENTRY ELEMENTS (KOHA)
Koha item type Libro/Book
Holdings
Withdrawn status Lost status Source of classification or shelving scheme Damaged status Not for loan Home library Current library Date acquired Total Checkouts Barcode Date last seen Price effective from Koha item type
    Dewey Decimal Classification     Las Brisas 1 -- Satellite Las Brisas 1 -- Satellite 14/05/2019   40001561 14/05/2019 14/05/2019 Libro/Book
    Dewey Decimal Classification     Sevadilla -- Satellite Sevadilla -- Satellite 15/04/2019   35400127 15/04/2019 15/04/2019 Libro/Book
    Dewey Decimal Classification     Zaragoza -- Satellite Zaragoza -- Satellite 14/05/2019   35500935 14/05/2019 14/05/2019 Libro/Book

Powered by Koha